LEADER 01148nam0 22002651i 450 001 UON00403249 005 20231205104706.437 100 $a20120116d1894 |0itac50 ba 101 $aita 102 $aIT 105 $a|||| ||||| 200 1 $aCatalogo della collezione numismatica$emonete medioevali e moderne, medaglie, ecc. / descritte per cura del Dr. Solone Ambrosoli 205 $aCatanzaro : Officina Tipografica di Giuseppe Calio$b1894 210 $a213 p.$a23 cm 215 $aIn testa alla front.: Museo provinciale di Catanzaro 316 $adono Breglia$5IT-UONSI JFONDO BREGLIAAMB/002 620 $aIT$dCatanzaro$3UONL001958 700 1$aAMBROSOLI$bSolone$3UONV079860$0397890 712 $aOfficina Tipografica di Giuseppe Calio$3UONV279172$4650 801 $aIT$bSOL$c20240220$gRICA 899 $aSIBA - SISTEMA BIBLIOTECARIO DI ATENEO$2UONSI 912 $aUON00403249 950 $aSIBA - SISTEMA BIBLIOTECARIO DI ATENEO$dSI J FONDO BREGLIA AMB 002 $eSI MC 34520 7 002 dono Breglia 996 $aCatalogo della collezione numismatica$91344727 997 $aUNIOR